1984 1231 1865 1226 1830 1541 1651 1553 1839 1005 1758 1449 1175 1292 1766 1971 1153 1720 1573 1601 1452 1511 1995 1884 1858 1599 1093 1010 1318 1088 1263 1834 1260 1435 1499 1236 1177 1054 1811 1004 1827 1283 1651 1188 1596 1052 1336 1276 1438 1430 1748 1889 1412 1097 1882 1891 1704 1629 1466 1323 1094 1922 1261 1027 1910 1637 1122 1582 1468 1757 1780 1057 1821 1840 1504 1349 1539 1028 1468 1500 1513 1034 1662 1170 1295 1480 1574 1560 1224 1682 1562 1326 1301 1900 1411 1148 1536 1560 1799 BCNSPRNW ULIB Ver.6.0+V

เปลี่ยนเป็นภาษาไทย

Change to English
 แสดงรายละเอียดบรรณานุกรม
  กลับหน้าหลัก

Brief Record : Get Marc (ISO 2709) : E-mail record : QR code < ปิดหน้าต่าง
LEADER : 00000nam 2200000uu 4500
001    13399127705
003     ULIB
008    210420s2563||||th 000 0 tha d
060 04 ^aWA590^bก218
245 00 ^aกระบวนการเรียนรู้ที่สร้างความรอบรู้ด้านสุขภาพ =^bHealth literacy /^cศูนย์เรียนรู้สุขภาวะ สำนักงานกองทุนสนับสนุนการสร้างเสริมสุขภาพ (สสส.)
246 31 ^aHealth literacy
260    ^aกรุงเทพฯ :^bศูนย์เรียนรู้สุขภาวะสำนักงานกองทุนสนับสนุนการสร้างเสริมสุขภาพ (สสส.),^c2563
300    ^a95 หน้า :^bภาพประกอบ ;^c25 ซม.
505 0  ^aความรอบรู้ด้านสุขภาพ -- การสร้างเสริมความรอบรู้ด้านสุขภาพ --ผลการศึกษาข้อมูลจากแหล่งข้อมูลบุคคล -- ข้อเสนอแนะ
650  4 ^aการสื่อสารทางการแพทย์
650  4 ^aการส่งเสริมสุขภาพ
650  4 ^aพฤติกรรมสุขภาพ
650  4 ^aสุขภาพ^vรวมเรื่อง
710 2  ^aสำนักงานกองทุนสนับสนุนการสร้างเสริมสุขภาพ.^bศูนย์เรียนรู้สุขภาวะ
945    ^p0^l0^i008030
999    ^aประนอม เกษจรัล
รายการนี้ยังไม่มีแท็ก
คุณยังไม่ได้ล็อกอิน คุณสามารถมีกิจกรรมร่วมกับเว็บไซต์ได้ แต่ต้องล็อกอินก่อน ::
  ล็อกอิน

รายการสื่อสารสนเทศ

ลำดับที่ ประเภท เลขเรียก/บาร์โค้ด สถานที่ สถานะ
1. วิทยาศาสตร์การแพทย์ และสุขภาพ
วิทยาศาสตร์การแพทย์ และสุขภาพ
WA590 ก218 ฉ.1 
  Barcode: 008030
ห้องสมุดวิทยาเขตสวรรค์ประชารักษ์
►หนังสือทั่วไป
บนชั้น

รายการใกล้เคียง
    หัวเรื่อง [การสื่อสารทางการแพทย์]
    หัวเรื่อง [การส่งเสริมสุขภาพ]
    หัวเรื่อง [พฤติกรรมสุขภาพ]
    หัวเรื่อง [สุขภาพ รวมเรื่อง]

BibComment


ยังไม่เคยถูกคอมเมนท์

คอมเมนท์ทรัพยากรรายการนี้
  คอมเมนท์: กระบวนการเรียนรู..


 Copyright 2026. Bcnsprnw @Library